00339nam a2200133Ia 4500008004100000020001500041041001200056082001600068100001300084245005500097260002900152300000800181650001600189221030s9999 xx 000 0 und d a8176563420 aEnglish a105.23bAud aC. Aulds 0aLinux Apache Web Server Adminstrationcby C. Aulds bBPB PubaNew Delhic2000 a482 aBE Computer